00985nam a2200265 a 4500001001300000003000900013005001700022008004100039020001000080082001900090100001800109245007200127260003000199500003500229505001000264505017100274650001700445650001100462700001800473902000800491942000700499952009900506952009900605999001500704nice12345678IN_TiNIC20260116011440.0050524s1809 cala grp 000 0 eng  ac10000a297.12405bMAT aMatthews, A H aMishcat-Ul-Masabih Or a Collection of the Most Authentic Traditions aCalcuttabT.Hubbardc1809 aincludes index and biblioraphy2 aIndex2 aIndex00gV1.tMishcat-Ul-masabih or a Collection of the Most Authentic Traditions Regardi.--gV2.tMishcat-Ul-masabih or a Collection of the Most Authentic Traditions aIslam-Hadith aHadith1 aMatthews, A H bRBA cBK 00104070aHMIbHMId0000-00-00g100.00l0o297.12405 MATp00694r0000-00-00w2026-01-16yEB 00104070aHMIbHMId0000-00-00g100.00l0o297.12405 MATp01994r0000-00-00w2026-01-16yEB c1633d1633